000 00504nam a2200169Ia 4500
005 20250320143640.0
008 231217s9999 xx 000 0 und d
020 _a9788131414972
082 _a332.1532 PHU;1 R
100 _aPhuskele, Preeti ed.
245 0 _aGlobalization and developing countries : economic implications
250 _a1st ed.
260 _c2008
_bIcfai University press
_aHyderabad
300 _avii, 197
650 _aGlobalization,developing,countries,economic
942 _cAA
999 _c185257
_d185257